International economics / (Record no. 2310)

MARC details
000 -LEADER
fixed length control field 01456cam a2200181 i 4500
020 ## - INTERNATIONAL STANDARD BOOK NUMBER
ISBN 9781133947721
020 ## - INTERNATIONAL STANDARD BOOK NUMBER
ISBN 1133947727
050 00 - CALL NUMBER
Classification number HF1359
Item number .C37
100 1# - AUTHOR
Personal name Carbaugh, Robert J.,
245 10 - TITLE
Title International economics /
Statement of responsibility, etc Robert J. Carbaugh, Professor of Economics, Central Washington University.
250 ## - EDITION
Edition statement 14th edition.
260 ## - PUBLICATION INFORMATION
Year of publication 2013.
300 ## - DESCRIPTION
Number of Pages xxi, 550 pages :
Other physical details illustrations ;
Dimensions 27 cm
500 ## - NOTES
General note Includes Index
505 ## - FORMATTED CONTENTS NOTE
Table of Content Part 1: International Trade Relations<br/>Chapter 1: The International Economy and Globalization<br/>Chapter 2: Foundations of Modern Trade Theory: Comparative Advantage<br/>Chapter 3: Sources of Comparative Advantage<br/>Chapter 4: Tariffs<br/>Chapter 5: NonTariff Trade Barriers<br/>Chapter 6: Trade Regulations and Industrial Policies<br/>Chapter 7: Trade Policies for the Developing Nations<br/>Chapter 8: Regional Trading Arrangements<br/>Chapter 9: International Factor Movements and Multinational Enterprises<br/><br/>Part 2: International Monetary Relations<br/>Chapter 10: The Balance of Payments<br/>Chapter 11: Foreign Exchange<br/>Chapter 12: Exchange - Rate Determination<br/>Chapter 13: Mechanisms of International Adjustment<br/>Chapter 14: Exchange - Rate Adjustments and the Balance Payments<br/>Chapter 15: Exchange - Rate Systems and Currency Crises<br/>Chapter 16: Macroeconomic Policy in an Open Economy<br/>Chapter 17:International Banking: Reserves, Debts and Risk <br/>
650 #0 - SUBJECTS
Topical Term International economic relations.
942 ## - ADDED ENTRY ELEMENTS (KOHA)
Koha item type Books
Holdings
Withdrawn status Lost status Home library Current library Shelving location Date acquired Full call number Accession Number Koha item type
    Methodist University Library Tema Methodist University Library Tema General Stacks 07/07/2016 HF1359 .C37 2271 Books
Copyright © 2026  MUG Library